Úradný vestník Európskej únie L (právne predpisy) & C (informácie a oznámenia)

Salvato in:
Dettagli Bibliografici
Natura: Libro
Lingua:slovacco
Pubblicazione: Luxembourg Úrad pre vydávanie úradných publikácií Európskych spoločenstiev 2009
Soggetti:
Tags: Aggiungi Tag
Nessun Tag, puoi essere il primo ad aggiungerne!!

MARC

LEADER 00000nlm$a2200000$$$4500
001 0106611
005 20191211125426.3
022 |a 1725-8774 
041 0 |a slo 
245 1 0 |a Úradný vestník Európskej únie  |b L (právne predpisy) & C (informácie a oznámenia) 
264 1 |a Luxembourg  |b Úrad pre vydávanie úradných publikácií Európskych spoločenstiev  |c 2009 
300 |a 6 CD 
610 2 0 |a Európska únia 
610 2 0 |a právo európske 
610 2 0 |a legislatíva